Introduction à la ville (notice n° 1566720)
[ vue normale ]
| 000 -LEADER | |
|---|---|
| fixed length control field | 01002cam a2200133 4500500 |
| 005 - DATE AND TIME OF LATEST TRANSACTION | |
| control field | 20251214002042.0 |
| 041 ## - LANGUAGE CODE | |
| Language code of text/sound track or separate title | fre |
| 042 ## - AUTHENTICATION CODE | |
| Authentication code | dc |
| 100 10 - MAIN ENTRY--PERSONAL NAME | |
| Personal name | Louiset, Odette |
| Relator term | author |
| 245 00 - TITLE STATEMENT | |
| Title | Introduction à la ville |
| 260 ## - PUBLICATION, DISTRIBUTION, ETC. | |
| Name of publisher, distributor, etc. | Armand Colin,<br/> |
| Date of publication, distribution, etc. | 2011.<br/> |
| 520 ## - SUMMARY, ETC. | |
| Summary, etc. | Comment définir la ville aujourd'hui ? Cet ouvrage propose une analyse critique des notions communément utilisées et déterminées par une représentation purement européenne de la ville. Fondée sur des travaux théoriques antérieurs et l’idée qu’il est nécessaire de comparer pour conceptualiser, en faisant appel à l'anthropologie et l'histoire, cette approche permet tout à la fois une réflexion originale sur la ville, sur la construction des concepts en géographie et des modèles scientifiques en sciences humaines, enfin sur la mondialisation culturelle à travers l'étude du fait urbain. |
| 856 41 - ELECTRONIC LOCATION AND ACCESS | |
| Uniform Resource Identifier | <a href="https://shs.cairn.info/introduction-a-la-ville--9782200249540?lang=fr&redirect-ssocas=7080">https://shs.cairn.info/introduction-a-la-ville--9782200249540?lang=fr&redirect-ssocas=7080</a> |
Pas d'exemplaire disponible.




Réseaux sociaux